| 000 | 00364nam a22001457a 4500 | ||
|---|---|---|---|
| 003 | NUST - PNEC | ||
| 005 | 20170116181057.0 | ||
| 008 | 151001b xxu||||| |||| 00| 0 eng d | ||
| 040 | _cLIBRARY | ||
| 082 | _a620.1 TEX | ||
| 100 |
_912122 _aWarmgham |
||
| 245 |
_aMechanical engineering _cWarmgham |
||
| 650 |
_912121 _bMechanical engineering _xME |
||
| 942 |
_2ddc _cBK |
||
| 999 |
_c68597 _d68597 |
||